| 000 | 00387nam a22001457a 4500 | ||
|---|---|---|---|
| 003 | MACL | ||
| 005 | 20170523113547.0 | ||
| 008 | 170523b xxu||||| |||| 00| 0 eng d | ||
| 040 | _cMACL | ||
| 100 |
_aShatma V. N. _967167 |
||
| 245 | _aStress Management That Works | ||
| 260 |
_aAgra _bHarprasad Institute of Behavioual Studies _c2014 |
||
| 650 |
_aMotivation _917135 |
||
| 942 |
_2ddc _cBK |
||
| 999 |
_c56345 _d56345 |
||